| 000 | nam a22 7a 4500 | ||
|---|---|---|---|
| 999 |
_c3361 _d3361 |
||
| 005 | 20170522122239.0 | ||
| 008 | 170522b1990 cau||||| |||| 00| 0 eng d | ||
| 020 |
_a1560520000 : _c$7.95 |
||
| 040 | _aAKMAL | ||
| 082 | _a658.402 HIC | ||
| 090 |
_a658.402 _bHIC |
||
| 100 | 1 |
_aHicks, Robert, _dPh. D. _96808 |
|
| 245 | 1 | 0 |
_aSelf managing teams : _b a guide for creating and maintaining self-managed work groups / _c Robert Hicks, Diane Bone. |
| 260 |
_aLos Altos, Calif. : _bCrisp Publications, _c c1990 |
||
| 300 |
_a 92 p. : _b ill. ; _c26 cm |
||
| 599 | _aDALAM PROSES | ||
| 650 | 0 |
_aSelf-directed work teams. _96603 |
|
| 700 | 1 |
_aBone, Diane. _96604 |
|
| 942 |
_2ddc _cBOOK |
||